Jean Vigo (Registo nº 198375)

Detalhes MARC
000 -Etiqueta do registo
Valores 00458nam 22001693 4500
100 ## - Dados gerais de processamento
Dados gerais 20251010d u||y0pory50 ba
200 ## - Titulo e menção de responsabilidade
Título próprio Jean Vigo
Primeira menção de responsabilidade Luís Filipe Rocha
210 ## - Publicação
Local de publicação Lisboa
Nome do editor Edições Afrontamento
Data de publicação 1981
215 ## - Descrição física 
Paginação / Volumes 140 p.
Outras indicações físicas brochado
Dimensões 21 cm
606 ## - Nome comum usado como assunto
Palavra de ordem Cinema. Filmes
ID Autoridade 16666
675 ## - CDU
Notação 791
Edição PT
Língua por
700 ## - Autor principal (pessoa individual)
ID Autoridade 14328
Apelido Rocha
Nome Luís Filipe
801 ## - Fonte de origem
País PT
Agência BMMN
Regras de catalogação RPC
830 ## - Notas gerais do catalogador
Criado por Fernando
Indexado por Fernando
990 ## - Elementos KOHA
Tipo de documento Livro
Exemplares
Situação do levantamento Biblioteca de origem Código de barras Cota Permissão de empréstimo Tipo de documento Forma de aquisição
  Biblioteca Municipal de Montemor-o-Novo 26634 791 ROC|LG   Livro Compra

Powered by Koha